One-click wonders (Record no. 81781)

MARC details
000 -LEADER
fixed length control field 00828cad a22002055a 4500
001 - CONTROL NUMBER
control field L148309
008 - FIXED-LENGTH DATA ELEMENTS--GENERAL INFORMATION
fixed length control field 090902e20090828xxko g 000 0 eng d
035 ## - SYSTEM CONTROL NUMBER
System control number (Sirsi) u148309
041 0# - LANGUAGE CODE
Language code of text/sound track or separate title eng
100 1# - MAIN ENTRY--PERSONAL NAME
Personal name Morrison, Doug
245 00 - TITLE STATEMENT
Title One-click wonders
Medium [electronic resource]
260 ## - PUBLICATION, DISTRIBUTION, ETC.
Date of publication, distribution, etc. 2009
490 ## - SERIES STATEMENT
Series statement Property Week
Volume/sequential designation 28 August 2009
520 ## - SUMMARY, ETC.
Summary, etc. Discusses online property websites. Focuses on auction websites in the UK, BidProp.co.uk and DiscountPropertyAuction.co.uk. Presents TheDistressedPropertyCompany.com and PropertyEarth.net, two websites offering new-build houses and repossessions at discount value.
590 ## - LOCAL NOTE (RLIN)
Local note KA
651 #4 - SUBJECT ADDED ENTRY--GEOGRAPHIC NAME
Geographic name United Kingdom
Chronological subdivision
690 ## - LOCAL SUBJECT ADDED ENTRY--TOPICAL TERM (OCLC, RLIN)
Topical term or geographic name as entry element Auctioneering
9 (RLIN) 6218
856 40 - ELECTRONIC LOCATION AND ACCESS
Uniform Resource Identifier <a href="https://www.propertyweek.com/">https://www.propertyweek.com/</a>
Public note View the article free of charge at www.propertyweek.com...
942 ## - ADDED ENTRY ELEMENTS (KOHA)
Suppress in OPAC 0
Holdings
Withdrawn status Lost status Source of classification or shelving scheme Damaged status Not for loan Home library Current library Shelving location Date acquired Total Checkouts Full call number Barcode Date last seen Copy number Price effective from Koha item type
    Dewey Decimal Classification     Virtual Virtual Online 02/09/2009   ONLINE PUBLICATION 148309-1001 06/08/2019 1 06/08/2019 Journal article